000
00257nam a2200097Ia 4500
001
915185
005
20250826185829.0
008
250824s9999 xx 000 0 und d
245
0
_a
FİLOZOFUN DOĞA GÜNLÜĞÜ
_c
FATİH DİKMEN
260
_b
TAZE KİTAP YAYINLARI
999
_c
915185
_d
915185